| Tag |
First Indicator |
Second Indicator |
Subfields |
| LEADER |
00000cas a2200000 a 4500 |
| 001 |
in00000042545 |
| 005 |
20151007074737.0 |
| 008 |
760716d19762003txu x p s0 a0eng c |
| 010 |
|
|
|a 2004265163
|z sc 77001058
|
| 019 |
|
|
|a 56725996
|
| 022 |
|
|
|a 0362-854X
|l 0362-854X
|2 1
|
| 029 |
1 |
|
|a AU@
|b 000001038871
|
| 035 |
|
|
|a (OCoLC)ocm02314547
|
| 037 |
|
|
|b The General Libraries Newsletter, The General Libraries, Perry-Castañeda Library 3.200, The University of Texas at Austin, Austin, TX 78713-8916
|
| 040 |
|
|
|a NSD
|b eng
|c NSD
|d DLC
|d NSD
|d NST
|d DLC
|d NST
|d WAU
|d DLC
|d IXA
|d OCL
|d OCLCQ
|d OCLCF
|d UtOrBLW
|
| 042 |
|
|
|a nsdp
|a pcc
|
| 043 |
|
|
|a n-us-tx
|
| 049 |
|
|
|a TXAM
|
| 050 |
0 |
0 |
|a Z333.T3663
|b U543a
|
| 082 |
0 |
4 |
|a 027.77643105
|
| 090 |
|
|
|a Z881.U49
|b T4
|
| 110 |
2 |
|
|a University of Texas at Austin.
|b General Libraries.
|
| 222 |
|
4 |
|a The General Libraries newsletter
|
| 245 |
1 |
4 |
|a The General Libraries newsletter.
|
| 246 |
1 |
3 |
|a Library newsletter
|
| 264 |
|
1 |
|a Austin :
|b General Libraries, University of Texas at Austin,
|c 1976-2003.
|
| 300 |
|
|
|a volumes :
|b color illustrations ;
|c 28 cm.
|
| 310 |
|
|
|a Irregular
|
| 336 |
|
|
|a text
|b txt
|2 rdacontent
|
| 337 |
|
|
|a unmediated
|b n
|2 rdamedia
|
| 338 |
|
|
|a volume
|b nc
|2 rdacarrier
|
| 362 |
0 |
|
|a No. 1 (spring 1976)-no. 50 (spring 2003).
|
| 515 |
|
|
|a Issues for 1992- lack season designation.
|
| 610 |
2 |
0 |
|a University of Texas at Austin.
|b General Libraries
|v Periodicals.
|
| 610 |
2 |
7 |
|a University of Texas at Austin.
|b General Libraries.
|2 fast
|0 (OCoLC)fst00540774
|
| 655 |
|
7 |
|a Periodicals.
|2 fast
|0 (OCoLC)fst01411641
|
| 780 |
0 |
5 |
|a University of Texas at Austin. General Libraries.
|t Annual report - the General Libraries, the University of Texas at Austin
|g 1995/96
|x 0163-9668
|w (DLC) 79640030
|w (OCoLC)4219901
|
| 785 |
0 |
0 |
|t University of Texas Libraries : [newsletter]
|w (DLC) 2005240518
|w (OCoLC)58722994
|
| 850 |
|
|
|a DLC
|a NNC
|a NcU
|a PPiU
|a WaU
|
| 994 |
|
|
|a C0
|b TXA
|
| 949 |
|
|
|a updated
|b h
|c 2014/7/22
|e coplinger
|f 12:02:32 pm
|
| 999 |
|
|
|a MARS
|
| 999 |
f |
f |
|s 1b22cde5-5987-3fb6-a605-d5e23750e893
|i 16f6f6e2-d150-3e4a-a143-738f9e105565
|t 0
|
| 952 |
f |
f |
|p ric
|a Texas A&M University
|b Rellis Campus
|c Joint Library Facility
|d Remote Storage
|t 0
|e Z881.U49 T4
|h Library of Congress classification
|i unmediated -- volume
|k no.49
|l 2002
|m A14828643023
|
| 952 |
f |
f |
|p ric
|a Texas A&M University
|b Rellis Campus
|c Joint Library Facility
|d Remote Storage
|t 0
|e Z881.U49 T4
|h Library of Congress classification
|i unmediated -- volume
|k no.37
|l 1996
|m A14820338446
|
| 952 |
f |
f |
|p ric
|a Texas A&M University
|b Rellis Campus
|c Joint Library Facility
|d Remote Storage
|t 0
|e Z881.U49 T4
|h Library of Congress classification
|i unmediated -- volume
|k no.43
|l 2000
|m A14826053028
|
| 952 |
f |
f |
|p ric
|a Texas A&M University
|b Rellis Campus
|c Joint Library Facility
|d Remote Storage
|t 0
|e Z881.U49 T4
|h Library of Congress classification
|i unmediated -- volume
|k no.47
|l 2001
|m A14827223684
|
| 952 |
f |
f |
|p ric
|a Texas A&M University
|b Rellis Campus
|c Joint Library Facility
|d Remote Storage
|t 0
|e Z881.U49 T4
|h Library of Congress classification
|i unmediated -- volume
|k no.40
|l 1998
|m A14823456641
|
| 952 |
f |
f |
|p ric
|a Texas A&M University
|b Rellis Campus
|c Joint Library Facility
|d Remote Storage
|t 0
|e Z881.U49 T4
|h Library of Congress classification
|i unmediated -- volume
|k no.29,31-34
|l 1988:Fall,1989:Spring-1992
|m A14817189634
|
| 952 |
f |
f |
|p ric
|a Texas A&M University
|b Rellis Campus
|c Joint Library Facility
|d Remote Storage
|t 0
|e Z881.U49 T4
|h Library of Congress classification
|i unmediated -- volume
|k no.42
|l 1999
|m A14825167620
|
| 952 |
f |
f |
|p ric
|a Texas A&M University
|b Rellis Campus
|c Joint Library Facility
|d Remote Storage
|t 0
|e Z881.U49 T4
|h Library of Congress classification
|i unmediated -- volume
|k no.36
|l 1995
|m A14819003559
|
| 952 |
f |
f |
|p ric
|a Texas A&M University
|b Rellis Campus
|c Joint Library Facility
|d Remote Storage
|t 0
|e Z881.U49 T4
|h Library of Congress classification
|i unmediated -- volume
|k no.41
|l 1998
|m A14823850332
|
| 952 |
f |
f |
|p ric
|a Texas A&M University
|b Rellis Campus
|c Joint Library Facility
|d Remote Storage
|t 0
|e Z881.U49 T4
|h Library of Congress classification
|i unmediated -- volume
|k no.46
|l 2001
|m A14827220929
|
| 952 |
f |
f |
|p ric
|a Texas A&M University
|b Rellis Campus
|c Joint Library Facility
|d Remote Storage
|t 0
|e Z881.U49 T4
|h Library of Congress classification
|i unmediated -- volume
|k no.38
|l 1997
|m A14821193205
|
| 952 |
f |
f |
|p ric
|a Texas A&M University
|b Rellis Campus
|c Joint Library Facility
|d Remote Storage
|t 0
|e Z881.U49 T4
|h Library of Congress classification
|i unmediated -- volume
|k no.48
|l 2002
|m A14828630517
|
| 952 |
f |
f |
|p ric
|a Texas A&M University
|b Rellis Campus
|c Joint Library Facility
|d Remote Storage
|t 0
|e Z881.U49 T4
|h Library of Congress classification
|i unmediated -- volume
|k no.50
|l 2003
|m A14830315131
|
| 952 |
f |
f |
|p ric
|a Texas A&M University
|b Rellis Campus
|c Joint Library Facility
|d Remote Storage
|t 0
|e Z881.U49 T4
|h Library of Congress classification
|i unmediated -- volume
|k no.39
|l 1997
|m A14842536402
|
| 952 |
f |
f |
|p ric
|a Texas A&M University
|b Rellis Campus
|c Joint Library Facility
|d Remote Storage
|t 0
|e Z881.U49 T4
|h Library of Congress classification
|i unmediated -- volume
|k no.1-28
|l 1976-1987
|m A14817189626
|
| 952 |
f |
f |
|p ric
|a Texas A&M University
|b Rellis Campus
|c Joint Library Facility
|d Remote Storage
|t 0
|e Z881.U49 T4
|h Library of Congress classification
|i unmediated -- volume
|k no.35
|l 1994
|m A14818034044
|
| 998 |
f |
f |
|a Z881.U49 T4
|s no.46-50 (2001:Winter-2003;Spring)
|t 0
|l Remote Storage
|